[Event "Chinese Chess League Men 2019"]
[Site "Daqing"]
[Date "2019.06.23"]
[Round "5.4"]
[White "Yuan, Qingyu"]
[Black "Zhao, Zhouqiao CHN"]
[Result "1/2-1/2"]
[WhiteElo "2355"]
[BlackElo "2215"]
[Annotator "NA"]
[PlyCount "78"]
[EventDate "2019.06.19"]
[EventType "team-tourn"]
[EventCountry "CHN"]
[SourceTitle "playchess.com"]
[Source "ChessBase"]
[SourceQuality "1"]
[TimeControl "5400+30"]

1. Nf3 {[%emt 0:00:00]} Nf6 {[%emt 0:00:00]} 2. c4 {[%emt 0:00:00]} b6 {[%emt 0:00:48]} 3. Nc3 {[%emt 0:00:43]} Bb7 {[%emt 0:00:15]} 4. d4 {[%emt 0:00:14]} e6 {[%emt 0:00:31]} 5. a3 {[%emt 0:00:40]} d5 {[%emt 0:04:09]} 6. cxd5 {[%emt 0:01:43]} Nxd5 {[%emt 0:00:06]} 7. Qc2 {[%emt 0:00:03]} Nxc3 {[%emt 0:14:01]} 8. bxc3 {[%emt 0:01:36]} Be7 {[%emt 0:00:14]} 9. e4 {[%emt 0:00:06]} O-O {[%emt 0:00:33]} 10. Bd3 {[%emt 0:00:04]} c5 {[%emt 0:04:00]} 11. O-O {[%emt 0:00:25]} cxd4 {[%emt 0:21:48]} 12. cxd4 {[%emt 0:02:01]} Qc8 {[%emt 0:00:08]} 13. Qe2 {[%emt 0:03:11]} Ba6 {[%emt 0:00:08]} 14. Rd1 {[%emt 0:21:07]} Bxd3 {[%emt 0:06:46]} 15. Rxd3 {[%emt 0:00:02]} Nd7 {[%emt 0:01:54]} 16. Bg5 {[%emt 0:12:38]} Bxg5 {[%emt 0:05:08]} 17. Nxg5 {[%emt 0:00:03]} h6 {[%emt 0:04:14]} 18. Nf3 {[%emt 0:06:57]} Qc7 {[%emt 0:07:20]} 19. Rad1 {[%emt 0:04:26]} Rfe8 {[%emt 0:08:55]} 20. e5 {[%emt 0:03:27]} Rac8 {[%emt 0:10:51]} 21. h4 {[%emt 0:09:10]} Qc2 {[%emt 0:01:27]} 22. Qe3 {[%emt 0:00:26]} b5 {[%emt 0:03:04]} 23. d5 {[%emt 0:14:04]} exd5 {[%emt 0:00:35]} 24. Rxd5 {[%emt 0:00:39]} Nb6 {[%emt 0:01:38]} 25. R5d2 {[%emt 0:04:58]} Qc5 {[%emt 0:00:44]} 26. Qb3 {[%emt 0:04:24]} Qc4 {[%emt 0:00:46]} 27. Qe3 {[%emt 0:01:40]} Qc5 {[%emt 0:00:05]} 28. Qb3 {[%emt 0:00:05]} Qc4 {[%emt 0:00:23]} 29. Qb1 {[%emt 0:01:17]} Qc5 {[%emt 0:00:51]} 30. Rd6 {[%emt 0:01:35]} a6 {[%emt 0:02:12]} 31. Qf5 {[%emt 0:01:13]} Nc4 {[%emt 0:00:54]} 32. Rd7 {[%emt 0:00:40]} Nxe5 {[%emt 0:00:36]} 33. Nxe5 {[%emt 0:00:31]} Qxe5 {[%emt 0:00:02]} 34. Qxf7+ {[%emt 0:00:12]} Kh8 {[%emt 0:00:05]} 35. f4 {[%emt 0:01:39]} Qc5+ {[%emt 0:00:39]} 36. Kh2 {[%emt 0:02:46]} Qf8 {[%emt 0:00:10]} 37. R1d6 {[%emt 0:00:28]} Qxf7 {[%emt 0:00:30]} 38. Rxf7 {[%emt 0:00:02]} Rf8 {[%emt 0:00:52]} 39. Rxf8+ {[%emt 0:02:12]} Rxf8 {[%emt 0:00:02]} 1/2-1/2

[Event "Chinese Chess League Men 2019"]
[Site "Daqing"]
[Date "2019.06.23"]
[Round "5.5"]
[White "Xu, Xiangyu"]
[Black "Ma, Qun"]
[Result "1/2-1/2"]
[WhiteElo "2583"]
[BlackElo "2626"]
[Annotator "TA"]
[PlyCount "43"]
[EventDate "2019.06.19"]
[EventType "team-tourn"]
[EventCountry "CHN"]
[SourceTitle "playchess.com"]
[Source "ChessBase"]
[SourceQuality "1"]

{[%evp 18,43,0,0,0,0,0,-337,0,0,0,-189,0,0,0,0,0,0,0,0,0,0,0,0,0,0,0,0]} 1. e4 e5 2. Nf3 Nc6 3. Bb5 Nf6 4. O-O Nxe4 5. Re1 Nd6 6. Nxe5 Be7 7. Bd3 O-O 8. Nc3 Nxe5 9. Rxe5 Bf6 10. Re3 Bd4 {C67: Ruy Lopez: Berlin Defence: 4 0-0 Nxe4} (10... h6 11. Qg4 b6 12. Nd5 Bb7 13. Nxf6+ Qxf6 14. Qxd7 c5 15. Qg4 Rfe8 16. Rb1 c4 17. Bf1 Nf5 18. Rxe8+ Rxe8 {1-0 (43) Kasimdzhanov,R (2704)-Alekseev,E (2642) Berlin 2015}) 11. Bxh7+ Kxh7 12. Qh5+ Kg8 {Black has a decisive advantage.} 13. Rh3 {[%csl Gh3][%cal Rh5h8] [#]} f5 $1 {aiming for ...Re8.} 14. Nd5 $146 (14. d3 $11 Re8 15. Bg5) ({Predecessor:} 14. d3 Bxc3 15. bxc3 Qf6 16. Qh7+ Kf7 17. Rh6 Qxc3 18. Qg6+ {½-½ (18) Mousavi,S (2456)-Tabatabaei,M (2563) Hamedan 2017}) 14... Ne8 $2 (14... Qe8 $19 {[%cal Re8e1]} 15. Qh7+ Kf7) 15. d3 $11 {The position is equal.} Nf6 16. Nxf6+ Bxf6 17. Bf4 Qe8 {[#] ...Qxh5 is the strong threat.} 18. Qh7+ (18. Qxf5 g6 $17) 18... Kf7 19. Qh5+ (19. Qxf5 g6 $17) 19... Kg8 $1 {Hoping for ...Qxh5.} (19... g6 $6 20. Qh7+ Bg7 21. Bh6 $16) 20. Qh7+ (20. Qxf5 $2 g6 $19) 20... Kf7 21. Qh5+ ({But not} 21. Qxf5 g6 $17) 21... Kg8 $1 {Threatens to win with ...Qxh5.} ({Reject} 21... g6 $6 22. Qh7+ Bg7 23. Bh6 $16) 22. Qh7+ ({Don't blunder} 22. Qxf5 $2 g6 $19) 1/2-1/2

[Event "Chinese Chess League Men 2019"]
[Site "Daqing"]
[Date "2019.06.23"]
[Round "5.6"]
[White "Xiang, Zeyu"]
[Black "Li, Di"]
[Result "1-0"]
[WhiteElo "2432"]
[BlackElo "2535"]
[Annotator "ChessBase"]
[PlyCount "169"]
[EventDate "2019.06.19"]
[EventType "team-tourn"]
[EventCountry "CHN"]
[SourceTitle "playchess.com"]
[Source "ChessBase"]
[SourceQuality "1"]
[TimeControl "5400+30"]

1. d4 {[%emt 0:00:00]} Nf6 {[%emt 0:00:00]} 2. c4 {[%emt 0:00:00]} g6 {[%emt 0:00:33]} 3. f3 {[%emt 0:01:08]} d5 {[%emt 0:00:02]} 4. cxd5 {[%emt 0:00:00]} c6 {[%emt 0:00:30]} 5. dxc6 {[%emt 0:03:24]} Nxc6 {[%emt 0:00:12]} 6. e3 {[%emt 0:00:17]} e5 {[%emt 0:00:18]} 7. dxe5 {[%emt 0:03:15]} Qa5+ {[%emt 0:00:13]} 8. Nc3 {[%emt 0:06:10]} Qxe5 {[%emt 0:03:54]} 9. Bb5 {[%emt 0:03:50]} Bc5 {[%emt 0:00:00]} 10. Nge2 {[%emt 0:02:00]} O-O {[%emt 0:00:00]} 11. O-O {[%emt 0:16:17]} Rd8 {[%emt 0:00:40]} 12. Qa4 {[%emt 0:03:38]} Nb4 {[%emt 0:26:50]} 13. a3 {[%emt 0:07:35]} Nbd5 {[%emt 0:00:00]} 14. Bc4 {[%emt 0:52:23]} b5 {[%emt 0:12:57]} 15. Qxb5 {[%emt 0:01:57]} Nxe3 {[%emt 0:35:37]} 16. Bxe3 {[%emt 0:01:24]} Bxe3+ {[%emt 0:02:05]} 17. Kh1 {[%emt 0:00:00]} Qxb5 18. Bxb5 {[%emt 0:04:33]} Be6 {[%emt 0:07:25]} 19. Rad1 Bb3 {[%emt 0:03:59]} 20. Rxd8+ {[%emt 0:00:00]} Rxd8 {[%emt 0:03:04]} 21. Ba4 {[%emt 0:00:00]} Bc4 {[%emt 0:00:37]} 22. Rd1 {[%emt 0:00:05]} Rb8 {[%emt 0:00:00]} 23. b4 {[%emt 0:00:57]} h5 {[%emt 0:00:00]} 24. h4 {[%emt 0:00:00]} Rc8 {[%emt 0:01:01]} 25. Rd6 {[%emt 0:00:00]} Be6 {[%emt 0:01:27]} 26. g3 {[%emt 0:01:27]} Kg7 {[%emt 0:00:00]} 27. Kg2 {[%emt 0:02:57]} Rc7 {[%emt 0:01:32]} 28. Nb5 {[%emt 0:02:09]} Re7 {[%emt 0:01:30]} 29. Nbd4 {[%emt 0:01:18]} Bc4 {[%emt 0:02:07]} 30. Bb5 {[%emt 0:01:01]} Ne8 {[%emt 0:02:24]} 31. Rd8 {[%emt 0:01:06]} Bxb5 {[%emt 0:00:00]} 32. Nxb5 {[%emt 0:00:00]} Bb6 {[%emt 0:00:00]} 33. Rd2 {[%emt 0:00:00]} Re3 {[%emt 0:00:58]} 34. Nbc3 {[%emt 0:01:43]} Nc7 {[%emt 0:01:55]} 35. a4 {[%emt 0:02:07]} a5 {[%emt 0:00:00]} 36. b5 {[%emt 0:00:00]} Bc5 {[%emt 0:00:46]} 37. Ne4 {[%emt 0:01:00]} Ne6 {[%emt 0:04:29]} 38. Rc2 {[%emt 0:00:00]} Ba7 {[%emt 0:02:05]} 39. Ng5 {[%emt 0:00:00]} Nc5 {[%emt 0:00:00]} 40. Nf4 {[%emt 0:01:26]} Ra3 {[%emt 0:00:00]} 41. Re2 {[%emt 0:00:00]} Kf8 {[%emt 0:02:56]} 42. Nd5 {[%emt 0:00:00]} Nxa4 {[%emt 0:02:00]} 43. Re7 {[%emt 0:00:00]} Ra2+ {[%emt 0:00:02]} 44. Kf1 {[%emt 0:00:00]} Ra1+ {[%emt 0:00:00]} 45. Kg2 {[%emt 0:00:00]} Ra2+ {[%emt 0:00:00]} 46. Kh3 {[%emt 0:00:00]} Bg1 {[%emt 0:00:00]} 47. Rxf7+ {[%emt 0:00:00]} Ke8 {[%emt 0:00:28]} 48. g4 {[%emt 0:00:00]} Rh2+ {[%emt 0:02:08]} 49. Kg3 {[%emt 0:00:00]} Re2 {[%emt 0:01:14]} 50. Nf6+ {[%emt 0:00:00]} Kd8 {[%emt 0:00:00]} 51. gxh5 {[%emt 0:00:00]} gxh5 {[%emt 0:00:00]} 52. Nge4 {[%emt 0:00:00]} Bh2+ {[%emt 0:00:00]} 53. Kh3 {[%emt 0:00:00]} Be5 {[%emt 0:00:00]} 54. Nxh5 {[%emt 0:00:00]} Nb6 {[%emt 0:00:00]} 55. Ra7 {[%emt 0:01:24]} a4 {[%emt 0:00:06]} 56. Nc5 {[%emt 0:01:11]} Rc2 {[%emt 0:01:11]} 57. Ne6+ {[%emt 0:00:37]} Kc8 {[%emt 0:00:00]} 58. f4 {[%emt 0:00:00]} Bb2 {[%emt 0:00:00]} 59. f5 {[%emt 0:01:51]} Rc3+ {[%emt 0:00:12]} 60. Kg4 {[%emt 0:00:00]} Rc4+ {[%emt 0:00:38]} 61. Kg5 {[%emt 0:00:00]} a3 62. f6 {[%emt 0:00:44]} Kb8 {[%emt 0:00:52]} 63. Ra6 {[%emt 0:00:00]} Bc1+ {[%emt 0:01:42]} 64. Nhf4 {[%emt 0:00:00]} Nd5 {[%emt 0:00:00]} 65. f7 {[%emt 0:00:38]} Bxf4+ {[%emt 0:00:39]} 66. Kg6 {[%emt 0:00:35]} Rc8 {[%emt 0:01:23]} 67. Rxa3 {[%emt 0:00:00]} Bd6 {[%emt 0:00:00]} 68. Rf3 {[%emt 0:00:35]} Kb7 {[%emt 0:00:36]} 69. h5 {[%emt 0:00:26]} Rc1 {[%emt 0:00:44]} 70. f8=Q {[%emt 0:00:04]} Rg1+ {[%emt 0:01:11]} 71. Kf7 {[%emt 0:00:07]} Bxf8 {[%emt 0:00:00]} 72. Kxf8 {[%emt 0:00:35]} Rh1 {[%emt 0:00:24]} 73. Rf5 {[%emt 0:01:03]} Nf6 {[%emt 0:00:36]} 74. Rxf6 {[%emt 0:00:00]} Rxh5 {[%emt 0:00:00]} 75. Nd4 {[%emt 0:00:08]} Rd5 {[%emt 0:00:32]} 76. Rf4 {[%emt 0:00:37]} Re5 {[%emt 0:00:21]} 77. Rf5 {[%emt 0:00:12]} Re4 {[%emt 0:00:18]} 78. Rd5 {[%emt 0:00:06]} Kb6 {[%emt 0:00:00]} 79. Kf7 {[%emt 0:00:57]} Re1 {[%emt 0:00:11]} 80. Kf6 {[%emt 0:00:49]} Ka5 {[%emt 0:00:26]} 81. Kf5 {[%emt 0:00:30]} Rh1 {[%emt 0:00:32]} 82. Rd6 {[%emt 0:00:00]} Re1 {[%emt 0:00:27]} 83. Re6 {[%emt 0:00:28]} Rh1 {[%emt 0:00:26]} 84. Ke4 {[%emt 0:00:00]} Kb4 {[%emt 0:00:38]} 85. b6 {[%emt 0:00:47]} 1-0

[Event "Chinese Chess League Men 2019"]
[Site "Daqing"]
[Date "2019.06.23"]
[Round "5.7"]
[White "Liu, Guanchu"]
[Black "Zou, Chen"]
[Result "1/2-1/2"]
[WhiteElo "2462"]
[BlackElo "2415"]
[Annotator "ChessBase"]
[PlyCount "113"]
[EventDate "2019.06.19"]
[EventType "team-tourn"]
[EventCountry "CHN"]
[SourceTitle "playchess.com"]
[Source "ChessBase"]
[SourceQuality "1"]
[TimeControl "5400+30"]

1. e4 {[%emt 0:00:00]} c5 {[%emt 0:01:42]} 2. Nf3 {[%emt 0:01:37]} d6 {[%emt 0:00:05]} 3. d4 {[%emt 0:00:13]} cxd4 {[%emt 0:00:05]} 4. Nxd4 {[%emt 0:00:07]} Nf6 {[%emt 0:00:03]} 5. Nc3 {[%emt 0:00:11]} a6 {[%emt 0:00:23]} 6. Be2 {[%emt 0:00:15]} e5 {[%emt 0:00:25]} 7. Nf3 {[%emt 0:00:08]} Be7 {[%emt 0:00:22]} 8. Bg5 {[%emt 0:00:15]} O-O {[%emt 0:00:56]} 9. Bxf6 {[%emt 0:05:42]} Bxf6 {[%emt 0:00:18]} 10. Nd5 {[%emt 0:00:04]} Be7 {[%emt 0:04:49]} 11. Nd2 {[%emt 0:02:30]} Be6 {[%emt 0:06:24]} 12. Nc4 {[%emt 0:00:52]} Bxd5 {[%emt 0:09:53]} 13. Qxd5 {[%emt 0:00:08]} Qc7 {[%emt 0:00:37]} 14. O-O {[%emt 0:09:52]} Nd7 {[%emt 0:03:48]} 15. Rfd1 {[%emt 0:04:38]} Rad8 {[%emt 0:02:47]} 16. Ne3 {[%emt 0:01:48]} Nf6 {[%emt 0:15:26]} 17. Qd3 {[%emt 0:00:35]} Rfe8 {[%emt 0:08:19]} 18. c3 {[%emt 0:05:46]} d5 {[%emt 0:12:33]} 19. Nxd5 {[%emt 0:09:46]} Nxd5 {[%emt 0:04:08]} 20. exd5 {[%emt 0:00:08]} Bd6 {[%emt 0:09:14]} 21. Qc4 {[%emt 0:03:39]} Qe7 {[%emt 0:01:36]} 22. Bf1 {[%emt 0:07:32]} e4 {[%emt 0:02:49]} 23. Re1 {[%emt 0:00:26]} f5 {[%emt 0:00:36]} 24. Rad1 {[%emt 0:00:52]} Qg5 {[%emt 0:07:17]} 25. Qd4 {[%emt 0:15:17]} Be5 {[%emt 0:02:48]} 26. Qa4 {[%emt 0:04:22]} Qh5 {[%emt 0:03:05]} 27. g3 {[%emt 0:01:59]} f4 {[%emt 0:02:04]} 28. Rxe4 {[%emt 0:03:21]} Rf8 {[%emt 0:00:10]} 29. Qc2 {[%emt 0:04:51]} Bb8 {[%emt 0:00:44]} 30. Qe2 {[%emt 0:03:50]} Qg5 {[%emt 0:00:02]} 31. Qd2 {[%emt 0:01:14]} Qh5 {[%emt 0:01:23]} 32. Be2 {[%emt 0:01:09]} Qh3 {[%emt 0:00:26]} 33. Bf1 {[%emt 0:00:49]} Qh5 {[%emt 0:00:05]} 34. Qe2 {[%emt 0:02:19]} Qg5 {[%emt 0:00:02]} 35. Rd3 {[%emt 0:00:50]} fxg3 {[%emt 0:01:11]} 36. hxg3 {[%emt 0:00:04]} Ba7 {[%emt 0:00:42]} 37. Rf3 {[%emt 0:00:07]} Rxf3 {[%emt 0:00:31]} 38. Qxf3 {[%emt 0:00:05]} Rf8 {[%emt 0:00:01]} 39. Rf4 {[%emt 0:00:12]} Rxf4 {[%emt 0:00:07]} 40. Qxf4 {[%emt 0:00:04]} Qxf4 {[%emt 0:00:04]} 41. gxf4 {[%emt 0:00:04]} Bb8 {[%emt 0:01:06]} 42. Kg2 {[%emt 0:00:15]} Bxf4 {[%emt 0:00:22]} 43. Kf3 {[%emt 0:03:50]} Bc1 {[%emt 0:00:46]} 44. c4 {[%emt 0:00:05]} Bxb2 {[%emt 0:00:45]} 45. c5 {[%emt 0:04:00]} Bd4 {[%emt 0:00:14]} 46. c6 {[%emt 0:00:08]} bxc6 {[%emt 0:00:01]} 47. dxc6 {[%emt 0:00:05]} Bb6 {[%emt 0:00:05]} 48. Ke4 {[%emt 0:00:26]} Kf7 {[%emt 0:00:19]} 49. Bxa6 {[%emt 0:00:05]} Ke6 {[%emt 0:00:40]} 50. f3 {[%emt 0:00:33]} Kd6 {[%emt 0:01:11]} 51. Bb5 {[%emt 0:00:07]} Kc5 {[%emt 0:00:37]} 52. a4 {[%emt 0:00:08]} Kd6 {[%emt 0:00:14]} 53. Kf5 {[%emt 0:00:07]} Ba5 {[%emt 0:00:12]} 54. Ke4 {[%emt 0:00:36]} Bb6 {[%emt 0:00:11]} 55. Kf5 {[%emt 0:00:05]} Ba5 {[%emt 0:00:04]} 56. Ke4 {[%emt 0:00:05]} Bb6 {[%emt 0:00:03]} 57. Kf5 {[%emt 0:00:04]} 1/2-1/2

[Event "Chinese Chess League Men 2019"]
[Site "Daqing"]
[Date "2019.06.23"]
[Round "5.8"]
[White "Lin, Yi"]
[Black "Zhao, Yuanhe"]
[Result "1/2-1/2"]
[WhiteElo "2396"]
[BlackElo "2444"]
[Annotator "TA RC"]
[PlyCount "59"]
[EventDate "2019.06.19"]
[EventType "team-tourn"]
[EventCountry "CHN"]
[SourceTitle "playchess.com"]
[Source "ChessBase"]
[SourceQuality "1"]

{[%evp 31,59,0,0,0,0,0,0,0,0,0,0,0,0,0,0,0,0,0,0,0,0,0,0,0,0,0,0,0,0,0]} 1. d4 Nf6 2. c4 g6 3. Nc3 d5 4. Bf4 Bg7 5. e3 c5 6. dxc5 Qa5 7. Rc1 dxc4 8. Bxc4 O-O 9. Nf3 Qxc5 10. Bb3 Nc6 11. O-O Qa5 12. h3 Bf5 13. Qe2 Ne4 14. Nd5 e5 15. Bh2 Be6 16. Rfd1 Rfd8 {[%cal Re6d5] The position is equal.} 17. Qc4 {D93: Grünfeld: 4 Nf3 Bg7 5 Bf4 0-0 6 e3} Nf6 {[%cal Re6d5]} 18. e4 Rac8 19. Ng5 Nd4 20. Ne7+ {[%mdl 64] [#] Double Attack} Kf8 21. Nxe6+ Kxe7 22. Nxd8 (22. Qa4 $2 Qxa4 23. Bxa4 Kxe6 $19) 22... Rxc4 23. Bxc4 Nxe4 ({But not} 23... Kxd8 $6 24. b4 $16) 24. Nxf7 Qb6 (24... Qc5 25. Re1 Nf3+ 26. gxf3 Qxf2+ 27. Kh1 Qxf3+ 28. Kg1 Qf2+ {½-½ (28) Turov,M (2610)-Rakhmanov,A (2669) Finland 2018}) 25. Nxe5 Bxe5 26. Bxe5 Nf3+ $1 27. gxf3 Qxf2+ {[%mdl 64] [#] Double Attack} 28. Kh1 Qxf3+ {[%mdl 64] [#] Double Attack} 29. Kg1 $146 {aiming for Bf1.} ({Predecessor:} 29. Kh2) 29... Qf2+ 30. Kh1 1/2-1/2

[Event "Chinese Chess League Men 2019"]
[Site "Daqing"]
[Date "2019.06.23"]
[Round "5.9"]
[White "Xu, Yinglun"]
[Black "Wang, Hao"]
[Result "1/2-1/2"]
[WhiteElo "2548"]
[BlackElo "2737"]
[Annotator "TA"]
[PlyCount "70"]
[EventDate "2019.06.19"]
[EventType "team-tourn"]
[EventCountry "CHN"]
[SourceTitle "playchess.com"]
[Source "ChessBase"]
[SourceQuality "1"]

{[%evp 13,70,22,31,23,30,26,25,26,26,26,26,26,19,19,25,8,21,36,30,33,25,0,0,0,0,0,0,0,0,-8,-10,-13,2,0,0,0,0,0,0,-30,-14,-14,-14,-14,-14,-14,-14,-53,-59,-52,-29,-30,-8,-61,-61,-61,-61,-68,-60]} 1. d4 Nf6 2. c4 e6 3. Nf3 d5 4. Nc3 Nbd7 5. Bg5 c6 6. e3 Qa5 7. Nd2 Bb4 8. cxd5 {D52: Queen's Gambit Declined: Cambridge Springs Variation} (8. Qc2 O-O 9. Be2 c5 10. Bf4 cxd4 11. exd4 Bxc3 12. bxc3 Re8 13. O-O e5 14. Be3 Qc7 15. Qb3 exd4 16. cxd4 dxc4 17. Nxc4 Nb6 18. Nxb6 Qxb6 {½-½ (30) Anton Guijarro,D (2646)-Dreev,A (2653) Havana 2018}) 8... Bxc3 $146 ({Predecessor:} 8... Nxd5 9. Nce4 f5 10. a3 Bxd2+ 11. Nxd2 O-O 12. Bc4 Qc7 13. O-O N7b6 14. Ba2 e5 15. dxe5 Qxe5 {1-0 (76) Xu,Y (2536)-Xie,J (2410) Hangzhou 2018}) 9. bxc3 Nxd5 10. c4 {White has an edge.} Nc3 11. Qc2 {aiming for Bh4.} Qxg5 12. Qxc3 O-O 13. f4 Qe7 14. Be2 b6 15. Bf3 Bb7 16. O-O Rab8 17. c5 bxc5 18. Qa3 Rfe8 $1 19. Qxa7 {Black must now prevent Rab1.} cxd4 20. Qxd4 c5 21. Qc3 Bxf3 22. Nxf3 e5 23. Nxe5 Nxe5 24. Qxe5 Qxe5 25. fxe5 Rxe5 $11 {[%mdl 4096] Endgame KRR-KRR} 26. Rfc1 g6 27. a4 Rxe3 28. Rxc5 Rb2 29. Rb5 Rc2 30. a5 Ree2 31. Rg5 $1 h6 32. Rg3 Ra2 33. Rxa2 (33. Ra3 $1 $11 Rxg2+ {[%mdl 64] Double Attack} 34. Kh1 Rxh2+ 35. Kg1 Rhg2+ 36. Kh1 Rxa3 37. Rxa3) 33... Rxa2 $15 {Black is slightly better.} 34. Rb3 Rxa5 35. h4 h5 {Accuracy: White = 64%, Black = 68%.} 1/2-1/2

[Event "Chinese Chess League Men 2019"]
[Site "Daqing"]
[Date "2019.06.23"]
[Round "5.10"]
[White "Bao, Qilin"]
[Black "Li, Shilong"]
[Result "1-0"]
[WhiteElo "2412"]
[BlackElo "2482"]
[Annotator "ChessBase"]
[PlyCount "77"]
[EventDate "2019.06.19"]
[EventType "team-tourn"]
[EventCountry "CHN"]
[SourceTitle "playchess.com"]
[Source "ChessBase"]
[SourceQuality "1"]
[TimeControl "5400+30"]

1. Nf3 {[%emt 0:00:00]} Nf6 {[%emt 0:00:00]} 2. g3 {[%emt 0:00:00]} d5 {[%emt 0:02:26]} 3. Bg2 {[%emt 0:01:05]} g6 {[%emt 0:06:05]} 4. c4 {[%emt 0:06:13]} Bg7 {[%emt 0:03:15]} 5. O-O {[%emt 0:01:25]} O-O {[%emt 0:08:35]} 6. d4 {[%emt 0:09:32]} dxc4 {[%emt 0:00:00]} 7. Na3 {[%emt 0:00:29]} c3 {[%emt 0:00:00]} 8. bxc3 {[%emt 0:00:04]} c5 {[%emt 0:00:00]} 9. e3 {[%emt 0:00:44]} Nc6 {[%emt 0:00:00]} 10. Qe2 {[%emt 0:02:03]} Bf5 {[%emt 0:07:49]} 11. Bb2 {[%emt 0:03:19]} Qb6 {[%emt 0:54:39]} 12. Rfe1 {[%emt 0:03:36]} Be4 {[%emt 0:03:11]} 13. Nc4 {[%emt 0:10:24]} Qa6 {[%emt 0:00:00]} 14. Bf1 {[%emt 0:00:39]} Rfd8 {[%emt 0:09:18]} 15. Nfd2 {[%emt 0:07:20]} Bd5 {[%emt 0:00:38]} 16. a4 {[%emt 0:00:30]} cxd4 {[%emt 0:01:11]} 17. cxd4 {[%emt 0:02:12]} b6 {[%emt 0:00:38]} 18. Red1 {[%emt 0:07:02]} Ne4 {[%emt 0:00:26]} 19. Nxe4 {[%emt 0:20:24]} Bxe4 {[%emt 0:00:02]} 20. a5 {[%emt 0:01:26]} bxa5 {[%emt 0:00:46]} 21. Nxa5 {[%emt 0:02:46]} Qb6 {[%emt 0:00:31]} 22. Nc4 {[%emt 0:02:05]} Qb7 {[%emt 0:00:16]} 23. Ba3 {[%emt 0:04:45]} Rdc8 {[%emt 0:01:11]} 24. Bc5 {[%emt 0:01:30]} Nd8 {[%emt 0:00:02]} 25. Nd2 {[%emt 0:00:37]} Bc6 {[%emt 0:00:54]} 26. Rab1 {[%emt 0:01:48]} Qd7 {[%emt 0:00:01]} 27. Bg2 {[%emt 0:01:39]} Bxg2 28. Kxg2 {[%emt 0:00:02]} Ne6 {[%emt 0:00:38]} 29. Ba3 {[%emt 0:03:46]} a5 {[%emt 0:00:10]} 30. Ne4 {[%emt 0:00:47]} Qd5 {[%emt 0:01:41]} 31. Qf3 {[%emt 0:00:06]} Kf8 {[%emt 0:00:22]} 32. Rb6 {[%emt 0:02:06]} Rab8 {[%emt 0:00:37]} 33. Rdb1 {[%emt 0:00:34]} Rxb6 {[%emt 0:00:13]} 34. Rxb6 {[%emt 0:00:02]} a4 {[%emt 0:00:39]} 35. h4 {[%emt 0:00:45]} h6 {[%emt 0:00:42]} 36. Ra6 {[%emt 0:00:41]} Qb3 {[%emt 0:00:21]} 37. Nc5 {[%emt 0:00:40]} Qxa3 {[%emt 0:00:37]} 38. Ra8 {[%emt 0:00:39]} Re8 {[%emt 0:00:32]} 39. Nxe6+ {[%emt 0:00:13]} 1-0

[Event "Chinese Chess League Men 2019"]
[Site "Daqing"]
[Date "2019.06.23"]
[Round "5.11"]
[White "Zhao, Chenxi"]
[Black "Qu, Yanqiao"]
[Result "1-0"]
[WhiteElo "2383"]
[BlackElo "2140"]
[Annotator "NA"]
[PlyCount "73"]
[EventDate "2019.06.19"]
[EventType "team-tourn"]
[EventCountry "CHN"]
[SourceTitle "playchess.com"]
[Source "ChessBase"]
[SourceQuality "1"]
[TimeControl "5400+30"]

1. e4 {[%emt 0:00:00]} e5 {[%emt 0:00:15]} 2. Nf3 {[%emt 0:00:00]} Nc6 {[%emt 0:00:36]} 3. Bb5 {[%emt 0:00:00]} Nge7 {[%emt 0:00:09]} 4. c4 {[%emt 0:01:52]} g6 {[%emt 0:04:28]} 5. Nc3 {[%emt 0:01:24]} Bg7 {[%emt 0:00:20]} 6. d3 {[%emt 0:00:06]} O-O {[%emt 0:00:31]} 7. h3 {[%emt 0:02:55]} d6 {[%emt 0:03:56]} 8. g4 {[%emt 0:05:07]} Nd4 {[%emt 0:03:30]} 9. Nxd4 {[%emt 0:01:27]} exd4 {[%emt 0:00:18]} 10. Ne2 {[%emt 0:00:06]} c6 {[%emt 0:01:07]} 11. Ba4 {[%emt 0:00:06]} d5 {[%emt 0:07:58]} 12. cxd5 {[%emt 0:04:08]} cxd5 {[%emt 0:00:37]} 13. Nf4 {[%emt 0:00:16]} b5 {[%emt 0:03:46]} 14. Bb3 {[%emt 0:01:07]} Bb7 {[%emt 0:00:22]} 15. f3 {[%emt 0:01:04]} Qd6 {[%emt 0:12:04]} 16. O-O {[%emt 0:03:23]} Kh8 {[%emt 0:14:37]} 17. Bd2 {[%emt 0:05:42]} Be5 {[%emt 0:07:53]} 18. Nxd5 {[%emt 0:00:20]} Nxd5 {[%emt 0:01:24]} 19. Bxd5 {[%emt 0:00:08]} Bxd5 {[%emt 0:00:21]} 20. exd5 {[%emt 0:00:06]} Qxd5 {[%emt 0:12:37]} 21. Qb3 {[%emt 0:00:09]} Qd7 {[%emt 0:02:39]} 22. Rac1 {[%emt 0:03:54]} Rac8 {[%emt 0:00:28]} 23. Kg2 {[%emt 0:01:40]} a6 {[%emt 0:02:21]} 24. Rfe1 {[%emt 0:02:09]} Rxc1 {[%emt 0:04:24]} 25. Rxc1 {[%emt 0:01:48]} Re8 {[%emt 0:01:20]} 26. Re1 {[%emt 0:01:03]} Bc7 {[%emt 0:01:44]} 27. Qb4 {[%emt 0:01:00]} Kg8 {[%emt 0:04:20]} 28. Qxd4 {[%emt 0:01:06]} Rd8 {[%emt 0:04:05]} 29. Qxd7 {[%emt 0:00:04]} Rxd7 {[%emt 0:00:01]} 30. Re8+ {[%emt 0:00:10]} Kg7 {[%emt 0:00:02]} 31. Bc3+ {[%emt 0:00:43]} Kh6 {[%emt 0:01:54]} 32. h4 {[%emt 0:00:10]} g5 {[%emt 0:01:25]} 33. h5 {[%emt 0:00:30]} Bd8 {[%emt 0:01:15]} 34. Bh8 {[%emt 0:04:05]} Bb6 {[%emt 0:02:31]} 35. Ra8 {[%emt 0:01:38]} Rxd3 {[%emt 0:00:57]} 36. Rxa6 {[%emt 0:00:36]} Rd6 {[%emt 0:00:00]} 37. Bd4 {[%emt 0:00:25]} 1-0